000 00642nam0a22002531 4500
001 RU\NLR\INFOCOMM6\ROSSICA\1000357979
005 20250613194203.0
035 _a(NLR Aleph) 009987984
090 _a9726377
_c9726377
100 _a20031010d1893 |||y0rusy50 ca
101 0 _ager
102 _aRU
105 _ay ||||000ay
200 1 _aUeber die Traubenkur in Jalta
_fF.Weber
210 _aSt.Petersburg
_d1893
215 _d
700 1 _aWeber
_bF.
_gFerdinand
_4070
801 1 _aRU
_bInfoComm
_c20031010
801 0 _aRU
_bNLR
_gPSBO
852 _aNLR
_j12.53.9.848
942 _cBOOK
980 _aNB
980 _aRossica